01283 a2200229 4500003000500000005001700005010001600022020001500038040000900053082001200062100004200074245005300116260003600169300003100205440003600236505057500272650003200847650002300879942001200902999001900914952012000933Nust20221011154408.0 a 68031236 a0306303574 cNust00a540,DAN1 aDanilov, Alekse橠Dmitrievich.99994010aChemistry of the ionospherec[by] A. D. Danilov. aNew York,bPlenum Press,c1970. axv, 296 p.billus.c24 cm. 0aMonographs in geoscience999941 aResults Of Rocket Investigations Of Parameters Of The Upper Atmosphere (Page-1), General Outline Of Elementary Processes In The Ionosphere (Page-25), Rates Of Processes Of Dissociative Recombination (Page-55), Rates Of Ion Moleculer Processes (Page-75), Ion Formation In The Ionosphere (Page-99), Negative Ions And Ionospheric D Region (Page-129), Oxygen Dissociation (Page-173), Reactions In Which Nitrogen And Its Oxides Participate (Page-199), Nitrogen Dissociation (Page-219), Reactions With Participation Of Neutral And Ionized Hydrogen And Hellum Atoms (Page-237). 0aIonization of gases.999942 0aIonosphere.999943 2ddccBK c183298d183298 00102ddc4070aMCSbMCScGENd2016-12-12o540,DANpMCS6387r2016-12-08w2016-12-12yBKzAlmirah No.25, Shelf No.1